000
00298nam a2200109Ia 4500
008
171211s9999 xx 000 0 und d
245
_a
New Mythologies in Design and Culture
245
_c
Rebecca Houze
260
_c
2014
650
_x
Design
856
_u
http://down.ebook777.com/062/0857855212.pdf
999
_c
347897
_d
347897